[Event "Regionalliga NO 9900"]
[White "Grabert, Ralf"]
[Black "Blodig, Stefan"]
[Site "Bayern"]
[Round "7.1"]
[Result "1-0"]
[Date "2000.??.??"]
[WhiteElo "2200"]
[BlackElo "2080"]
[PlyCount "81"]
[EventDate "1999.??.??"]
[EventType "team-tourn"]
[EventRounds "9"]
[EventCountry "GER"]
[SourceTitle "EXT 2020"]
[Source "ChessBase"]
[SourceDate "2019.10.17"]
[SourceVersion "1"]
[SourceVersionDate "2019.10.17"]
[SourceQuality "1"]
[WhiteTeam "Koetzting"]
[BlackTeam "Regensburg Fortuna II"]
[WhiteTeamCountry "GER"]
[BlackTeamCountry "GER"]

1. Nf3 d5 2. g3 Nf6 3. Bg2 e6 4. 0-0 Be7 5. d3 0-0 6. Nbd2 c5 7. e4 Nc6 8. e5 Ne8 9. Re1 f6 10. c3 fxe5 11. Nxe5 Nxe5 12. Rxe5 Bd6 13. Re1 Qf6 14. f4 Bd7 15. Nf3 Nc7 16. Qe2 Rad8 17. Ne5 Rfe8 18. Bd2 Bc8 19. Rf1 Na6 20. Rae1 Nb8 21. Qh5 Nc6 22. Ng4 Qf8 23. Ne5 Ne7 24. g4 g6 25. Qh3 Qg7 26. Nf3 Bc7 27. Re2 Nc6 28. Rfe1 Re7 29. Qh4 Rde8 30. Kh1 h6 31. f5 g5 32. Nxg5 hxg5 33. Bxg5 Qh7 34. Bxe7 Rxe7 35. Qxh7+ Rxh7 36. h3 Bg3 37. Rf1 Ne5 38. Re3 exf5 39. Rxg3 fxg4 40. Bxd5+ Kh8 41. Rf8+ 1-0

[Event "Ceske Budejovice op"]
[White "Hrivnak, Daniel"]
[Black "Blodig, Stefan"]
[Site "Ceske Budejovice"]
[Round "6"]
[Result "1-0"]
[Date "2000.??.??"]
[WhiteElo "2305"]
[BlackElo "2135"]
[PlyCount "83"]
[EventDate "2000.??.??"]
[EventType "swiss"]
[EventRounds "9"]
[EventCountry "CZE"]
[SourceTitle "EXT 2003"]
[Source "ChessBase"]
[SourceDate "2002.11.25"]
[SourceVersion "1"]
[SourceVersionDate "2002.11.25"]
[SourceQuality "1"]

1. f4 d5 2. Nf3 Nf6 3. e3 e6 4. b3 c5 5. Bb2 Nc6 6. Bb5 Bd6 7. 0-0 Bd7 8. Bxc6 Bxc6 9. Ne5 Qc7 10. a4 0-0 11. Rf3 Ne8 12. Rh3 f6 13. Qh5 h6 14. Ng4 d4 15. Qg6 Rf7 16. Nxh6+ Kf8 17. Nxf7 Qxf7 18. Qxf7+ Kxf7 19. exd4 cxd4 20. Bxd4 Bxf4 21. Be3 Bc7 22. Nc3 Nd6 23. Nb5 Bxb5 24. axb5 Nxb5 25. c4 Be5 26. Ra4 Nd4 27. c5 Nxb3 28. d4 Bc7 29. Bf2 Na5 30. Bg3 Bxg3 31. Rxg3 Nc6 32. Rb3 Rb8 33. Kf2 b5 34. cxb6 axb6 35. Rc4 Na5 36. Rc7+ Kg6 37. Rg3+ Kf5 38. Rgxg7 b5 39. Kf3 e5 40. g4+ Ke6 41. Rge7+ Kd5 42. Rcd7+ 1-0

[Event "Regionalliga NO 9900"]
[White "Kanewski, Josef"]
[Black "Blodig, Stefan"]
[Site "Bayern"]
[Round "8.1"]
[Result "1-0"]
[Date "2000.??.??"]
[WhiteElo "2215"]
[BlackElo "2080"]
[PlyCount "73"]
[EventDate "1999.??.??"]
[EventType "team-tourn"]
[EventRounds "9"]
[EventCountry "GER"]
[SourceTitle "EXT 2020"]
[Source "ChessBase"]
[SourceDate "2019.10.17"]
[SourceVersion "1"]
[SourceVersionDate "2019.10.17"]
[SourceQuality "1"]
[WhiteTeam "Weiden"]
[BlackTeam "Regensburg Fortuna II"]
[WhiteTeamCountry "GER"]
[BlackTeamCountry "GER"]

1. d4 d5 2. c4 e6 3. Nf3 c5 4. cxd5 exd5 5. Nc3 Nc6 6. g3 Nf6 7. Bg2 Be7 8. 0-0 0-0 9. Bg5 Re8 10. Rc1 Bg4 11. dxc5 d4 12. Nb5 Qa5 13. Bxf6 Qxb5 14. Bxe7 Rxe7 15. Nxd4 Qxb2 16. Nxc6 bxc6 17. Bxc6 Rc8 18. Rc2 Qa3 19. Qd4 h5 20. Bd5 Qa6 21. e3 Rd7 22. e4 Qg6 23. f4 h4 24. f5 Qh5 25. gxh4 Bh3 26. Rf4 Rb8 27. Rc1 g5 28. Rf2 Qg4+ 29. Kh1 Qxh4 30. Qe3 g4 31. f6 Re8 32. Bc6 Rd3 33. Qxd3 Qxf2 34. Qg3 Qd2 35. Rg1 Rd8 36. Qxh3 Qd1 37. Qxg4+ 1-0

[Event "Ceske Budejovice op"]
[White "Snorek, Milan"]
[Black "Blodig, Stefan"]
[Site "Ceske Budejovice"]
[Round "8"]
[Result "1-0"]
[Date "2000.??.??"]
[WhiteElo "2195"]
[BlackElo "2135"]
[PlyCount "81"]
[EventDate "2000.??.??"]
[EventType "swiss"]
[EventRounds "9"]
[EventCountry "CZE"]
[SourceTitle "EXT 2003"]
[Source "ChessBase"]
[SourceDate "2002.11.25"]
[SourceVersion "1"]
[SourceVersionDate "2002.11.25"]
[SourceQuality "1"]

1. Nf3 d5 2. c4 e6 3. g3 Nf6 4. Bg2 Be7 5. 0-0 0-0 6. b3 c5 7. Bb2 Nc6 8. cxd5 exd5 9. d4 Bf5 10. Nbd2 Rc8 11. Rc1 b6 12. Re1 Re8 13. Nf1 Be4 14. Bh3 Rc7 15. Ne3 Bxf3 16. exf3 Nxd4 17. Bxd4 cxd4 18. Rxc7 Qxc7 19. Nf5 Bc5 20. Rxe8+ Nxe8 21. Nxd4 Nf6 22. Qc2 Qe5 23. Ne2 g6 24. Nf4 d4 25. Nd3 Qe7 26. Qc4 Qe2 27. b4 Bxb4 28. Bf1 Qxf3 29. Qxb4 Qd5 30. Qb3 Qd6 31. Bg2 Kg7 32. h3 a5 33. h4 Nd7 34. Qd5 Qxd5 35. Bxd5 f5 36. Bc6 Nc5 37. Nxc5 bxc5 38. Bb5 Kf6 39. f4 Ke6 40. Bc4+ Kd6 41. Kf2 1-0